Heat pump systems : a technology review /
Guardado en:
| Autor Corporativo: | |
|---|---|
| Formato: | Libro |
| Idioma: | English |
| Publicado: |
Paris :
Organisation for Economic Co-operation and Development (OECD),
1982.
|
| Materias: | |
| Etiquetas: |
Agregar Etiqueta
Sin Etiquetas, Sea el primero en etiquetar este registro!
|
| LEADER | 00705nam a22002055a 4500 | ||
|---|---|---|---|
| 001 | EIQ.libpla001285 | ||
| 008 | 840217s1982####fr#a#####b###i000#0#eng#d | ||
| 005 | 20060901182931.0 | ||
| 245 | 1 | 0 | |a Heat pump systems : |b a technology review / |c International Energy Agency. |
| 260 | |a Paris : |b Organisation for Economic Co-operation and Development (OECD), |c 1982. | ||
| 300 | |a 199 p. : |b il., tablas ; |c 25 cm. | ||
| 504 | |a Incluye referencias bibliográficas. | ||
| 020 | |a 9264123784 | ||
| 082 | 0 | 0 | |a 697 |2 19 |
| 650 | 4 | |a Calor |x Pompas. | |
| 650 | 4 | |a Heat |x Pumps. | |
| 010 | |a 83151137 | ||
| 040 | |a DLC |c DLC |d AR-BbSID | ||
| 110 | 2 | |a International Energy Agency. | |
| 859 | |a AR-BbSID |b BIB. PLAPIQUI |h 621.402 5 |i In 8 |p 2350 | ||
